Landscape architecture and digital technologies Re-conceptualising design and making (Record no. 5955)

000 -LEADER
fixed length control field 00342nam a2200109Ia 4500
008 - FIXED-LENGTH DATA ELEMENTS--GENERAL INFORMATION
fixed length control field 200302s9999 xx 000 0 und d
100 ## - MAIN ENTRY--PERSONAL NAME
Personal name Jillian walliss and others
245 ## - TITLE STATEMENT
Title Landscape architecture and digital technologies Re-conceptualising design and making
260 ## - PUBLICATION, DISTRIBUTION, ETC.
Name of publisher, distributor, etc. Routledge Taylor and Francis Group
260 ## - PUBLICATION, DISTRIBUTION, ETC.
Date of publication, distribution, etc. 2016
300 ## - PHYSICAL DESCRIPTION
Extent 265
Holdings
Withdrawn status Lost status Damaged status Not for loan Permanent Location Current Location Date acquired Cost, normal purchase price Full call number Barcode Date last seen Price effective from Koha item type Source of classification or shelving scheme
        BMS College of Architecture, Design and Planning BMS College of Architecture, Design and Planning 2020-03-03 4022.64 712.0285 AR-PG52 2020-03-03 2020-03-03 PG Books  
        BMS College of Architecture, Design and Planning BMS College of Architecture, Design and Planning 2021-07-05   712.0285 AR-RD123 2021-07-05 2021-07-05 R&D Books  
Copyright © 2025, The Librarian, Library and Information Centre, BMSCA D&P, Bengaluru. All Rights Reserved
web counter

Powered by Koha